From selling to managing : (Record no. 27735)

MARC details
000 -LEADER
fixed length control field 00956nam a2200265 a 4500
005 - DATE AND TIME OF LATEST TRANSACTION
control field 20090622120837.0
008 - FIXED-LENGTH DATA ELEMENTS--GENERAL INFORMATION
fixed length control field 900321s1990 nyua 001 0 eng
010 ## - LCCN (DPL NO)
LC control number ENG-94175
020 ## - INTERNATIONAL STANDARD BOOK NUMBER
International Standard Book Number 9788120337411
Terms of availability 225.00
035 ## - SYSTEM CONTROL NUMBER
System control number EN-77708
037 ## - SOURCE OF ACQUISITION
Source of stock number/acquisition DBAD / PUB
040 ## - CATALOGING SOURCE
Original cataloging agency dpl
Language of cataloging English
082 ## - DEWEY DECIMAL CLASSIFICATION NUMBER
Classification number 658.81
100 ## - MAIN ENTRY--PERSONAL NAME
Personal name Brown, Ronald
245 ## - TITLE STATEMENT
Title From selling to managing :
Remainder of title guidelines for the first-time sales manager /
Statement of responsibility, etc y Ronald Brown
250 ## - EDITION STATEMENT
Edition statement Rev. ed.
260 ## - PUBLICATION, DISTRIBUTION, ETC. (IMPRINT)
Place of publication, distribution, etc New Delhi
Name of publisher, distributor, etc PHI Learning
Date of publication, distribution, etc 2009
270 ## - ADDRESS
Address M-97, Connaught Circus
City New Delhi
Postal code 110001
300 ## - PHYSICAL DESCRIPTION
Extent viii, 161p. :
Other physical details ill. ;
Dimensions 23cm(pbk)
500 ## - GENERAL NOTE
General note Includes index
650 ## - SUBJECT ADDED ENTRY--TOPICAL TERM
Topical term or geographic name as entry element Sales management.
650 ## - SUBJECT ADDED ENTRY--TOPICAL TERM
Topical term or geographic name as entry element Sales personnel.
942 ## - ADDED ENTRY ELEMENTS (KOHA)
Source of classification or shelving scheme Dewey Decimal Classification
Item type English Books
Classification part 658.81
Call number suffix BRO
Holdings
Withdrawn status Lost status Source of classification or shelving scheme Damaged status Not for loan Collection code Home library Current library Date acquired Source of acquisition Cost, normal purchase price Total Checkouts Full call number Barcode Date last seen Copy number Cost, replacement price Koha item type
    Dewey Decimal Classification   Not For Loan Non-fiction D.B.Act.Division D.B.Act.Division 22/06/2009 DBAD / PUB 225.00   658.81 BRO EN-77708 22/06/2009 1 225.00 English Books

© Delhi Public Library
Hit Counter
free hit counter